Metalografía
| Main Author: | |
|---|---|
| Format: | Section = Libro |
| Language: | Undetermined Spanish |
| Published: |
Moscú
Mir Moscú
1983
|
| Edition: | 2a.ed |
| Subjects: |
| LEADER | 00425nam a2200181Ia 4500 | ||
|---|---|---|---|
| 008 | 240830s9999 xx 000 0 und d | ||
| 040 | |a CEDOC FIQ-RUSB / 669.953 G971 t.1 | ||
| 041 | |a spa | ||
| 082 | |a 669.953 G971 | ||
| 100 | 1 | |a Guliaev, A.P | |
| 245 | 1 | 0 | |a Metalografía |
| 250 | |a 2a.ed | ||
| 260 | |a Moscú |b Mir Moscú |c 1983 | ||
| 300 | |a 335 p. :il | ||
| 650 | 7 | |a METALURGIA | |
| 942 | |c BK |2 ddc | ||
| 991 | |a TEXTO | ||
| 999 | |c 13588 | ||